LEADER 01114nam0 22002411i 450 001 UON00303858 005 20231205104020.762 100 $a20071112d1923 |0itac50 ba 101 $aita 102 $aIT 105 $a|||| 1|||| 200 1 $aPer l'Italia degli italiani$ediscorso pronunciato in Milano dalla ringhiera del palazzo Marino la notte del 3 Agosto 1922 con aggiunti il comento inedito,il messaggio del convalescente agli uomini di pena, tre preghiere dinanzi agli altari disfatti e sette documenti d'amore$fGabriele D'Annunzio 210 $aMilano$cBottega di Poesia$d1923 215 $a427 p.$d25 cm. 620 $aIT$dMilano$3UONL000005 700 1$aD'Annunzio$bGabriele$3UONV028800$03236 712 $aBottega di poesia$3UONV273970$4650 801 $aIT$bSOL$c20240220$gRICA 899 $aSIBA - SISTEMA BIBLIOTECARIO DI ATENEO$2UONSI 912 $aUON00303858 950 $aSIBA - SISTEMA BIBLIOTECARIO DI ATENEO$dSI ITA V 062 $eSI MR 5120 5 062 996 $aPer l'Italia degli italiani$988080 997 $aUNIOR